000 00308nam a2200121Ia 4500
008 190216s9999||||xx |||||||||||||| ||und||
100 _a"Pavia,Lampman,Kriz,Engel"
245 0 _aOrganic Chemistry A Lab Manual
260 _bCengage Learning
_c2009
300 _a796
650 _aOrganic Chemistry
942 _cBK
999 _c3488
_d3488